000
00305nam a22001337a 4500
008
170307b xxu||||| |||| 00| 0 eng d
020
_a
9780130311177
041
_a
eng
080
_2
5TH
_a
611
100
_a
6
101
_a
SHM
245
_a
FUNDAMENTALS OF ANATOMY & PHYSIOLOGY
_c
MARTINI
942
_2
udc
_c
BK
999
_c
7049
_d
7049